[Event "U12-U20 French Championships"]
[Site "chess24.com"]
[Date "2019.04.15"]
[Round "3"]
[White "Berezovsky, Fiorina"]
[Black "Riss, Selenia"]
[Result "1-0"]
[Board "41"]
[WhiteElo "1604"]
[WhiteCountry "MNC"]
[WhiteFideId "5400651"]
[WhiteEloChange "4"]
[BlackElo "1347"]
[BlackCountry "FRA"]
[BlackFideId "45142939"]
[BlackEloChange "-4"]

1. e4 {[%clk 1:30:52]} e5 {[%clk 1:30:48]} 2. Nf3 {[%clk 1:31:15]} Nc6 {[%clk
1:31:06]} 3. Bc4 {[%clk 1:31:40]} Bc5 {[%clk 1:31:18]} 4. O-O {[%clk 1:31:37]}
Nf6 {[%clk 1:30:35]} 5. d3 {[%clk 1:31:13]} d6 {[%clk 1:26:42]} 6. c3 {[%clk
1:29:34]} a6 {[%clk 1:23:39]} 7. d4 {[%clk 1:28:37]} exd4 {[%clk 1:19:16]} 8.
cxd4 {[%clk 1:28:47]} Ba7 {[%clk 1:11:15]} 9. Bg5 {[%clk 1:23:21]} h6 {[%clk
0:59:01]} 10. Bxf6 {[%clk 1:21:05]} Qxf6 {[%clk 0:55:47]} 11. e5 {[%clk 1:19:56]}
dxe5 {[%clk 0:51:29]} 12. dxe5 {[%clk 1:19:44]} Qg6 {[%clk 0:49:59]} 13. Bd3
{[%clk 1:13:58]} Qe6 {[%clk 0:42:17]} 14. Nc3 {[%clk 1:11:29]} O-O {[%clk
0:38:10]} 15. Qe2 {[%clk 1:11:02]} Re8 {[%clk 0:34:55]} 16. Qe4 {[%clk 1:07:41]}
g6 {[%clk 0:22:07]} 17. Bc4 {[%clk 1:06:13]} Qf5 {[%clk 0:19:45]} 18. Qxf5 {[%clk
1:06:12]} Bxf5 {[%clk 0:20:05]} 19. Nd5 {[%clk 1:06:32]} Rec8 {[%clk 0:11:49]}
20. Rac1 {[%clk 1:05:22]} Bb6 {[%clk 0:09:00]} 21. Rfd1 {[%clk 1:04:06]} Rd8
{[%clk 0:08:18]} 22. h3 {[%clk 1:00:33]} Kg7 {[%clk 0:06:27]} 23. b4 {[%clk
0:59:06]} Be6 {[%clk 0:05:54]} 24. a3 {[%clk 0:59:18]} Rab8 {[%clk 0:04:51]} 25.
g4 {[%clk 0:55:28]} Rd7 {[%clk 0:03:18]} 26. Nxb6 {[%clk 0:54:12]} Rxd1+ {[%clk
0:03:38]} 27. Rxd1 {[%clk 0:54:34]} cxb6 {[%clk 0:04:00]} 28. Bxe6 {[%clk
0:54:13]} fxe6 {[%clk 0:04:22]} 29. Rd6 {[%clk 0:54:35]} Kf7 {[%clk 0:04:15]} 30.
Kf1 {[%clk 0:52:44]} Rd8 {[%clk 0:04:21]} 31. Rxd8 {[%clk 0:52:14]} Nxd8 {[%clk
0:04:44]} 32. Ke2 {[%clk 0:52:33]} Nc6 {[%clk 0:05:07]} 33. Kd3 {[%clk 0:52:29]}
Ke7 {[%clk 0:05:20]} 34. Ke4 {[%clk 0:52:03]} g5 {[%clk 0:05:12]} 35. Nd2 {[%clk
0:52:05]} b5 {[%clk 0:04:10]} 36. f4 {[%clk 0:52:03]} gxf4 {[%clk 0:04:07]} 37.
Kxf4 {[%clk 0:52:26]} Kf7 {[%clk 0:04:28]} 38. Ne4 {[%clk 0:52:42]} Kg6 {[%clk
0:04:29]} 39. Nd6 {[%clk 0:52:45]} Nd8 {[%clk 0:04:36]} 40. h4 {[%clk 0:52:49]}
h5 {[%clk 0:04:35]} 41. Ne4 {[%clk 0:52:05]} hxg4 {[%clk 0:04:37]} 42. Kxg4
{[%clk 0:52:18]} Nc6 {[%clk 0:04:56]} 43. Kf4 {[%clk 0:51:36]} Kh5 {[%clk
0:05:08]} 44. Nc5 {[%clk 0:51:55]} Nd8 {[%clk 0:04:53]} 45. Kg3 {[%clk 0:51:35]}
Kh6 {[%clk 0:03:46]} 46. Kg4 {[%clk 0:50:43]} Kg6 {[%clk 0:04:07]} 47. h5+ {[%clk
0:49:51]} Kh6 {[%clk 0:04:31]} 48. Kh4 {[%clk 0:50:03]} Kh7 {[%clk 0:04:53]} 49.
Kg5 {[%clk 0:49:33]} Kg7 {[%clk 0:05:04]} 50. h6+ {[%clk 0:49:45]} Kh7 {[%clk
0:05:24]} 51. Kf6 {[%clk 0:50:01]} Kxh6 {[%clk 0:05:08]} 52. Nxe6 {[%clk
0:50:21]} Nxe6 {[%clk 0:05:07]} 53. Kxe6 {[%clk 0:50:44]} Kg7 {[%clk 0:05:34]}
54. Kd7 {[%clk 0:51:10]} Kf7 {[%clk 0:05:55]} 55. e6+ {[%clk 0:51:37]} Kf6 {[%clk
0:06:12]} 56. e7 {[%clk 0:52:03]} a5 {[%clk 0:06:09]} 57. e8Q {[%clk 0:52:24]}
axb4 {[%clk 0:06:28]} 58. Qe6+ {[%clk 0:52:49]} Kg5 {[%clk 0:06:45]} 59. axb4
{[%clk 0:53:09]} b6 {[%clk 0:07:07]} 60. Qf7 {[%clk 0:53:34]} Kg4 {[%clk
0:07:31]} 61. Qf6 {[%clk 0:53:59]} Kg3 {[%clk 0:07:56]} 62. Qf5 {[%clk 0:54:25]}
Kg2 {[%clk 0:08:18]} 63. Qf4 {[%clk 0:54:43]} Kh1 {[%clk 0:08:32]} 64. Qd2 {[%clk
0:55:03]} Kg1 {[%clk 0:08:53]} 65. Ke6 {[%clk 0:55:30]} Kf1 {[%clk 0:09:10]} 66.
Kf5 {[%clk 0:55:54]} Kg1 {[%clk 0:09:29]} 67. Kg4 {[%clk 0:56:20]} Kh1 {[%clk
0:09:48]} 68. Kh3 {[%clk 0:56:46]} Kg1 {[%clk 0:10:13]} 69. Qg2# {[%clk 0:57:09]}
1-0

[Event "U12-U20 French Championships"]
[Site "chess24.com"]
[Date "2019.04.16"]
[Round "4"]
[White "Milroy, Melena"]
[Black "Aouachria, Marwa"]
[Result "0-1"]
[Board "5"]
[WhiteElo "1720"]
[WhiteCountry "FRA"]
[WhiteFideId "26056607"]
[WhiteEloChange "-9"]
[BlackTitle "CM"]
[BlackElo "1738"]
[BlackCountry "FRA"]
[BlackFideId "7902751"]
[BlackEloChange "9"]

1. e4 {[%clk 1:30:59]} c5 {[%clk 1:31:00]} 2. Nc3 {[%clk 1:31:24]} Nc6 {[%clk
1:30:09]} 3. f4 {[%clk 1:31:47]} e6 {[%clk 1:30:34]} 4. Nf3 {[%clk 1:32:13]} Nge7
{[%clk 1:30:02]} 5. d4 {[%clk 1:32:35]} cxd4 {[%clk 1:25:55]} 6. Nxd4 {[%clk
1:32:55]} Nxd4 {[%clk 1:23:29]} 7. Qxd4 {[%clk 1:33:20]} Nc6 {[%clk 1:23:58]} 8.
Qf2 {[%clk 1:33:43]} d5 {[%clk 1:22:40]} 9. exd5 {[%clk 1:34:08]} exd5 {[%clk
1:23:07]} 10. Bd3 {[%clk 1:34:17]} Bb4 {[%clk 1:19:16]} 11. Bd2 {[%clk 1:34:41]}
Qe7+ {[%clk 1:17:36]} 12. Kd1 {[%clk 1:29:27]} Bg4+ {[%clk 1:15:57]} 13. Kc1
{[%clk 1:29:51]} O-O-O {[%clk 1:13:05]} 14. Qg3 {[%clk 1:18:50]} Qd7 {[%clk
1:04:39]} 15. Nxd5 {[%clk 1:17:31]} Bxd2+ {[%clk 1:05:02]} 16. Kxd2 {[%clk
1:17:56]} Bf5 {[%clk 1:04:38]} 17. c4 {[%clk 1:07:20]} Ne7 {[%clk 0:47:31]} 18.
Rhc1 {[%clk 0:35:03]} Kb8 {[%clk 0:26:22]} 19. Rc3 {[%clk 0:18:21]} Nxd5 {[%clk
0:21:02]} 20. cxd5 {[%clk 0:15:47]} Qxd5 {[%clk 0:21:04]} 21. Kc2 {[%clk
0:11:13]} Bxd3+ {[%clk 0:15:25]} 22. Rxd3 {[%clk 0:11:26]} Qf5 {[%clk 0:15:26]}
23. Rd1 {[%clk 0:11:09]} Rd5 {[%clk 0:09:53]} 24. Qxg7 {[%clk 0:04:50]} Rc8+
{[%clk 0:09:44]} 0-1

[Event "U12-U20 French Championships"]
[Site "chess24.com"]
[Date "2019.04.16"]
[Round "4"]
[White "Ranguin, Anna"]
[Black "Guigue, Marie-Celine"]
[Result "1-0"]
[Board "9"]
[WhiteElo "1539"]
[WhiteCountry "FRA"]
[WhiteFideId "26066696"]
[WhiteEloChange "5"]
[BlackElo "1338"]
[BlackCountry "FRA"]
[BlackFideId "26078228"]
[BlackEloChange "-5"]

1. d4 {[%clk 1:30:50]} d5 {[%clk 1:30:36]} 2. c4 {[%clk 1:30:57]} c6 {[%clk
1:30:58]} 3. Nf3 {[%clk 1:30:34]} Nf6 {[%clk 1:31:16]} 4. Nc3 {[%clk 1:30:47]}
dxc4 {[%clk 1:31:26]} 5. a4 {[%clk 1:30:36]} Bf5 {[%clk 1:31:29]} 6. Bf4 {[%clk
1:29:18]} e6 {[%clk 1:30:22]} 7. e3 {[%clk 1:27:45]} Bb4 {[%clk 1:26:27]} 8. Bxc4
{[%clk 1:26:53]} Nbd7 {[%clk 1:24:35]} 9. O-O {[%clk 1:25:49]} O-O {[%clk
1:22:49]} 10. Qb3 {[%clk 1:23:14]} Qb6 {[%clk 1:22:19]} 11. h3 {[%clk 1:22:09]}
Nd5 {[%clk 1:13:15]} 12. Nh4 {[%clk 1:16:43]} Nxf4 {[%clk 1:09:13]} 13. Nxf5
{[%clk 1:16:37]} Nxh3+ {[%clk 1:08:23]} 14. gxh3 {[%clk 1:15:08]} exf5 {[%clk
1:08:31]} 15. Ne2 {[%clk 1:12:39]} Bd6 {[%clk 1:04:46]} 16. Qc2 {[%clk 1:10:33]}
g6 {[%clk 1:03:02]} 17. Kh1 {[%clk 1:08:50]} Qd8 {[%clk 1:02:22]} 18. Rg1 {[%clk
1:05:20]} Qh4 {[%clk 0:56:25]} 19. Qxf5 {[%clk 1:05:13]} Nf6 {[%clk 0:47:21]} 20.
Qf3 {[%clk 1:03:36]} Qe4 {[%clk 0:42:51]} 21. Kg2 {[%clk 1:00:01]} Qxf3+ {[%clk
0:41:18]} 22. Kxf3 {[%clk 1:00:24]} Rae8 {[%clk 0:41:23]} 23. Ng3 {[%clk
0:58:55]} Kh8 {[%clk 0:40:08]} 24. Rae1 {[%clk 0:56:32]} Bxg3 {[%clk 0:36:07]}
25. fxg3 {[%clk 0:52:19]} Ne4 {[%clk 0:33:32]} 26. Kg2 {[%clk 0:46:56]} Re7
{[%clk 0:27:30]} 27. Re2 {[%clk 0:43:01]} Rfe8 {[%clk 0:25:39]} 28. Rge1 {[%clk
0:40:36]} Nd6 {[%clk 0:22:35]} 29. Bd3 {[%clk 0:38:59]} Ne4 {[%clk 0:20:25]} 30.
h4 {[%clk 0:35:22]} h6 {[%clk 0:17:51]} 31. Rf1 {[%clk 0:30:59]} Kg7 {[%clk
0:17:06]} 32. Rf4 {[%clk 0:29:28]} g5 {[%clk 0:07:40]} 33. hxg5 {[%clk 0:25:03]}
hxg5 {[%clk 0:07:43]} 34. Rxe4 {[%clk 0:23:46]} Rxe4 {[%clk 0:07:49]} 35. Bxe4
{[%clk 0:24:10]} Rxe4 {[%clk 0:08:15]} 36. Kf3 {[%clk 0:24:27]} f5 {[%clk
0:08:03]} 37. Rg2 {[%clk 0:23:20]} g4+ {[%clk 0:06:43]} 38. Ke2 {[%clk 0:21:22]}
a6 {[%clk 0:05:23]} 39. a5 {[%clk 0:21:26]} Kf6 {[%clk 0:04:33]} 40. Rh2 {[%clk
0:21:12]} Kg6 {[%clk 0:03:46]} 41. Rh8 {[%clk 0:21:08]} Re7 {[%clk 0:03:35]} 42.
b4 {[%clk 0:20:25]} Kf6 {[%clk 0:03:41]} 43. Kd3 {[%clk 0:17:43]} Ke6 {[%clk
0:02:33]} 44. Rh6+ {[%clk 0:17:37]} Kf7 {[%clk 0:01:22]} 45. Rh7+ {[%clk
0:15:31]} Ke6 {[%clk 0:01:43]} 46. Rxe7+ {[%clk 0:15:39]} Kxe7 {[%clk 0:02:09]}
47. e4 {[%clk 0:12:39]} fxe4+ {[%clk 0:01:30]} 48. Kxe4 {[%clk 0:12:42]} Ke6
{[%clk 0:01:38]} 49. Kf4 {[%clk 0:06:33]} Kd5 {[%clk 0:02:01]} 50. Kxg4 {[%clk
0:06:55]} Kxd4 {[%clk 0:02:22]} 51. Kf4 {[%clk 0:07:08]} Kc4 {[%clk 0:02:04]} 52.
g4 {[%clk 0:06:19]} Kxb4 {[%clk 0:02:28]} 53. g5 {[%clk 0:05:59]} c5 {[%clk
0:02:50]} 54. Ke3 {[%clk 0:05:25]} Kxa5 {[%clk 0:01:00]} 55. Kd3 {[%clk 0:04:48]}
b5 {[%clk 0:01:17]} 56. g6 {[%clk 0:05:00]} c4+ {[%clk 0:01:32]} 57. Kc3 {[%clk
0:05:21]} Ka4 {[%clk 0:01:34]} 58. g7 {[%clk 0:05:44]} b4+ {[%clk 0:01:56]} 59.
Kxc4 {[%clk 0:05:58]} b3 {[%clk 0:00:51]} 60. Kc3 {[%clk 0:06:23]} Ka3 {[%clk
0:01:14]} 61. g8Q {[%clk 0:06:46]} b2 {[%clk 0:01:04]} 62. Qb3# {[%clk 0:00:05]}
1-0

[Event "U12-U20 French Championships"]
[Site "chess24.com"]
[Date "2019.04.16"]
[Round "4"]
[White "Azan, Sarah"]
[Black "Anastasie, Laure"]
[Result "1/2-1/2"]
[Board "10"]
[WhiteElo "1349"]
[WhiteCountry "FRA"]
[WhiteFideId "36055808"]
[WhiteEloChange "3"]
[BlackElo "1445"]
[BlackCountry "FRA"]
[BlackFideId "26091607"]
[BlackEloChange "-3"]

1. e4 {[%clk 1:30:58]} e5 {[%clk 1:30:56]} 2. Bc4 {[%clk 1:31:23]} Nf6 {[%clk
1:31:11]} 3. Nc3 {[%clk 1:31:37]} Bc5 {[%clk 1:31:30]} 4. d3 {[%clk 1:31:51]} c6
{[%clk 1:31:51]} 5. Be3 {[%clk 1:30:47]} Bxe3 {[%clk 1:32:15]} 6. fxe3 {[%clk
1:31:12]} b5 {[%clk 1:32:29]} 7. Bb3 {[%clk 1:31:19]} a5 {[%clk 1:32:50]} 8. a3
{[%clk 1:31:02]} O-O {[%clk 1:31:58]} 9. Nf3 {[%clk 1:29:27]} d6 {[%clk 1:32:06]}
10. O-O {[%clk 1:27:15]} Nbd7 {[%clk 1:32:22]} 11. Qe1 {[%clk 1:19:23]} h6 {[%clk
1:32:13]} 12. Nh4 {[%clk 1:17:09]} Nc5 {[%clk 1:32:16]} 13. Ba2 {[%clk 1:16:39]}
Be6 {[%clk 1:23:14]} 14. Bxe6 {[%clk 1:15:50]} Nxe6 {[%clk 1:23:40]} 15. Nf5
{[%clk 1:13:16]} Kh7 {[%clk 1:15:25]} 16. Qh4 {[%clk 1:02:31]} Ng8 {[%clk
1:14:16]} 17. Qh3 {[%clk 0:58:16]} Ne7 {[%clk 1:10:19]} 18. Ne2 {[%clk 0:56:19]}
Nxf5 {[%clk 1:10:05]} 19. exf5 {[%clk 0:53:47]} Ng5 {[%clk 1:09:38]} 20. Qg4
{[%clk 0:53:24]} f6 {[%clk 1:09:32]} 21. h4 {[%clk 0:52:41]} Nf7 {[%clk 1:09:51]}
22. Qg6+ {[%clk 0:52:42]} Kg8 {[%clk 1:09:47]} 23. Ng3 {[%clk 0:51:11]} Nh8
{[%clk 1:10:09]} 24. Qg4 {[%clk 0:51:05]} Rf7 {[%clk 1:09:52]} 25. Rf3 {[%clk
0:48:42]} Kf8 {[%clk 1:09:04]} 26. Rd1 {[%clk 0:47:24]} Raa7 {[%clk 1:08:44]} 27.
d4 {[%clk 0:46:23]} exd4 {[%clk 1:07:36]} 28. Rxd4 {[%clk 0:44:25]} d5 {[%clk
1:07:24]} 29. Ne2 {[%clk 0:42:35]} Qd6 {[%clk 0:59:52]} 30. Nf4 {[%clk 0:40:44]}
Rfe7 {[%clk 0:58:31]} 31. Ne6+ {[%clk 0:40:23]} Rxe6 {[%clk 0:57:53]} 32. fxe6
{[%clk 0:40:37]} Re7 {[%clk 0:57:55]} 33. Rg3 {[%clk 0:37:43]} Qxe6 {[%clk
0:57:43]} 34. Qxe6 {[%clk 0:37:50]} Rxe6 {[%clk 0:58:07]} 35. Rdg4 {[%clk
0:38:05]} g5 {[%clk 0:57:07]} 36. hxg5 {[%clk 0:37:50]} fxg5 {[%clk 0:57:25]} 37.
Kf2 {[%clk 0:36:13]} Ng6 {[%clk 0:57:00]} 38. Rd4 {[%clk 0:34:53]} Nh4 {[%clk
0:56:06]} 39. Rh3 {[%clk 0:33:06]} Rf6+ {[%clk 0:55:03]} 40. Kg1 {[%clk 0:32:26]}
Kg7 {[%clk 0:54:08]} 41. Rg4 {[%clk 0:30:40]} Ng6 {[%clk 0:52:13]} 42. Rf3 {[%clk
0:26:45]} Re6 {[%clk 0:50:16]} 43. Rgg3 {[%clk 0:26:44]} Ne5 {[%clk 0:49:15]} 44.
Rf2 {[%clk 0:24:45]} Nc4 {[%clk 0:48:57]} 45. c3 {[%clk 0:19:56]} Ne5 {[%clk
0:48:51]} 46. Re2 {[%clk 0:18:49]} Nd3 {[%clk 0:47:22]} 47. e4 {[%clk 0:16:52]}
Nf4 {[%clk 0:46:12]} 48. Re1 {[%clk 0:15:23]} dxe4 {[%clk 0:45:49]} 49. Rge3
{[%clk 0:15:35]} Rd6 {[%clk 0:46:08]} 50. Rxe4 {[%clk 0:14:51]} Rd2 {[%clk
0:45:31]} 51. Re7+ {[%clk 0:14:31]} Kg6 {[%clk 0:44:21]} 52. Rc7 {[%clk 0:13:25]}
Rxg2+ {[%clk 0:44:15]} 53. Kf1 {[%clk 0:12:57]} Rh2 {[%clk 0:42:52]} 54. Rxc6+
{[%clk 0:12:54]} Kh5 {[%clk 0:42:53]} 55. Kg1 {[%clk 0:12:48]} Rg2+ {[%clk
0:42:57]} 56. Kf1 {[%clk 0:12:19]} Rh2 {[%clk 0:43:19]} 57. Kg1 {[%clk 0:12:16]}
Rg2+ {[%clk 0:00:51]} 1/2-1/2

[Event "U12-U20 French Championships"]
[Site "chess24.com"]
[Date "2019.04.16"]
[Round "4"]
[White "Rollot, Florence"]
[Black "Georget, Laureline"]
[Result "1/2-1/2"]
[Board "17"]
[WhiteElo "1975"]
[WhiteCountry "FRA"]
[WhiteFideId "26016060"]
[WhiteEloChange "-7"]
[BlackElo "1642"]
[BlackCountry "FRA"]
[BlackFideId "26053284"]
[BlackEloChange "7"]

1. c4 {[%clk 1:30:58]} c5 {[%clk 1:30:54]} 2. g3 {[%clk 1:31:24]} Nc6 {[%clk
1:30:46]} 3. Bg2 {[%clk 1:31:46]} g6 {[%clk 1:30:32]} 4. Nc3 {[%clk 1:32:07]} Bg7
{[%clk 1:30:36]} 5. Nf3 {[%clk 1:32:29]} d6 {[%clk 1:26:30]} 6. O-O {[%clk
1:32:43]} Nf6 {[%clk 1:26:35]} 7. Rb1 {[%clk 1:32:26]} Bf5 {[%clk 1:22:14]} 8. d3
{[%clk 1:32:25]} Qc8 {[%clk 1:19:49]} 9. Re1 {[%clk 1:25:35]} Rb8 {[%clk
1:17:11]} 10. a3 {[%clk 1:23:22]} a6 {[%clk 1:15:07]} 11. b4 {[%clk 1:19:02]}
cxb4 {[%clk 1:13:37]} 12. axb4 {[%clk 1:19:19]} b5 {[%clk 1:13:03]} 13. cxb5
{[%clk 1:15:47]} axb5 {[%clk 1:13:16]} 14. Bd2 {[%clk 1:14:43]} O-O {[%clk
1:12:08]} 15. Rc1 {[%clk 0:50:02]} Qe8 {[%clk 0:55:29]} 16. Qb3 {[%clk 0:47:38]}
e5 {[%clk 0:49:06]} 17. Ng5 {[%clk 0:39:40]} Nd4 {[%clk 0:42:02]} 18. Qa3 {[%clk
0:38:58]} Bd7 {[%clk 0:29:16]} 19. Nd5 {[%clk 0:31:35]} Nxd5 {[%clk 0:23:20]} 20.
Bxd5 {[%clk 0:31:56]} Be6 {[%clk 0:21:05]} 21. Qa2 {[%clk 0:28:47]} Qd7 {[%clk
0:16:27]} 22. e3 {[%clk 0:24:14]} Bxd5 {[%clk 0:16:38]} 23. Qxd5 {[%clk 0:24:35]}
Nf5 {[%clk 0:15:10]} 24. Ne4 {[%clk 0:15:52]} Rfc8 {[%clk 0:12:46]} 25. Rxc8+
{[%clk 0:11:58]} Rxc8 {[%clk 0:12:33]} 26. Rc1 {[%clk 0:12:10]} Rxc1+ {[%clk
0:11:39]} 27. Bxc1 {[%clk 0:12:38]} h6 {[%clk 0:10:53]} 28. Bd2 {[%clk 0:12:13]}
Kh8 {[%clk 0:07:39]} 29. Qa8+ {[%clk 0:08:32]} Kh7 {[%clk 0:07:36]} 30. Nc3
{[%clk 0:08:54]} h5 {[%clk 0:06:29]} 31. h4 {[%clk 0:07:55]} Nh6 {[%clk 0:06:31]}
32. Kg2 {[%clk 0:07:35]} Ng4 {[%clk 0:06:50]} 33. e4 {[%clk 0:05:49]} f5 {[%clk
0:04:47]} 34. exf5 {[%clk 0:05:53]} gxf5 {[%clk 0:04:44]} 35. f3 {[%clk 0:03:05]}
Nf6 {[%clk 0:04:26]} 36. Qa6 {[%clk 0:03:07]} Qe6 {[%clk 0:02:08]} 37. Nxb5
{[%clk 0:01:11]} e4 {[%clk 0:02:22]} 38. Qxd6 {[%clk 0:01:23]} Qa2 {[%clk
0:01:35]} 39. dxe4 {[%clk 0:00:48]} fxe4 {[%clk 0:01:20]} 40. Qf4 {[%clk
0:01:06]} exf3+ {[%clk 0:01:10]} 41. Kf1 {[%clk 0:00:44]} Qb1+ {[%clk 0:01:06]}
42. Kf2 {[%clk 0:00:38]} Ng4+ {[%clk 0:01:28]} 43. Kxf3 {[%clk 0:00:52]} Qd3+
{[%clk 0:01:34]} 44. Be3 {[%clk 0:00:57]} Qxb5 {[%clk 0:01:40]} 45. Qe4+ {[%clk
0:00:58]} Kh8 {[%clk 0:01:42]} 46. Qa8+ {[%clk 0:01:12]} Kh7 {[%clk 0:02:04]} 47.
Qe4+ {[%clk 0:01:31]} Kh8 {[%clk 0:00:50]} 48. Qa8+ {[%clk 0:01:33]} 1/2-1/2

[Event "U12-U20 French Championships"]
[Site "chess24.com"]
[Date "2019.04.16"]
[Round "4"]
[White "Soreda, Elisa"]
[Black "Boulart, Emilie"]
[Result "1-0"]
[Board "18"]
[WhiteElo "1602"]
[WhiteCountry "FRA"]
[WhiteFideId "26066947"]
[WhiteEloChange "16"]
[BlackElo "1837"]
[BlackCountry "FRA"]
[BlackFideId "36013919"]
[BlackEloChange "-16"]

1. e4 {[%clk 1:30:50]} e5 {[%clk 1:30:56]} 2. Nf3 {[%clk 1:30:57]} Nc6 {[%clk
1:31:21]} 3. d4 {[%clk 1:30:56]} exd4 {[%clk 1:31:45]} 4. Nxd4 {[%clk 1:30:42]}
Qf6 {[%clk 1:32:05]} 5. Nb3 {[%clk 1:29:42]} Qg6 {[%clk 1:30:37]} 6. Qe2 {[%clk
1:25:25]} Bd6 {[%clk 1:10:16]} 7. Nc3 {[%clk 1:23:06]} Nf6 {[%clk 1:10:10]} 8.
Bd2 {[%clk 1:21:30]} O-O {[%clk 1:08:38]} 9. f3 {[%clk 1:20:19]} Re8 {[%clk
1:04:36]} 10. O-O-O {[%clk 1:20:01]} b6 {[%clk 1:00:20]} 11. g4 {[%clk 1:16:56]}
h6 {[%clk 0:24:48]} 12. Qg2 {[%clk 1:13:54]} a5 {[%clk 0:21:32]} 13. Nb5 {[%clk
1:08:14]} Ba6 {[%clk 0:19:52]} 14. a4 {[%clk 1:05:42]} Bxb5 {[%clk 0:18:12]} 15.
Bxb5 {[%clk 1:04:36]} Nb4 {[%clk 0:12:27]} 16. Bxb4 {[%clk 0:59:00]} axb4 {[%clk
0:12:32]} 17. h4 {[%clk 0:59:14]} Bf4+ {[%clk 0:12:14]} 18. Kb1 {[%clk 0:58:58]}
c6 {[%clk 0:11:14]} 19. Bd3 {[%clk 0:56:42]} Nh7 {[%clk 0:10:56]} 20. e5 {[%clk
0:51:30]} Qe6 {[%clk 0:10:55]} 21. Bf5 {[%clk 0:51:22]} Qc4 {[%clk 0:08:16]} 22.
Rd4 {[%clk 0:48:28]} Qa6 {[%clk 0:07:52]} 23. Rxf4 {[%clk 0:47:20]} Qxa4 {[%clk
0:08:05]} 24. Kc1 {[%clk 0:46:33]} Rxe5 {[%clk 0:07:23]} 25. Be4 {[%clk 0:43:11]}
d5 {[%clk 0:06:05]} 26. Bxh7+ {[%clk 0:41:56]} Kxh7 {[%clk 0:06:31]} 27. Kd2
{[%clk 0:42:09]} Rae8 {[%clk 0:04:53]} 28. g5 {[%clk 0:38:50]} Qa6 {[%clk
0:04:04]} 29. Kc1 {[%clk 0:36:58]} Re2 {[%clk 0:03:17]} 30. Qf1 {[%clk 0:35:54]}
Qa7 {[%clk 0:02:18]} 31. Qd1 {[%clk 0:34:59]} Qe7 {[%clk 0:01:29]} 32. Kb1 {[%clk
0:27:27]} c5 {[%clk 0:00:41]} 33. Qxd5 {[%clk 0:22:48]} Re6 {[%clk 0:00:37]} 34.
gxh6 {[%clk 0:19:51]} Kxh6 {[%clk 0:00:32]} 35. Qg5+ {[%clk 0:17:44]} Qxg5 {[%clk
0:00:36]} 36. hxg5+ {[%clk 0:18:07]} Kxg5 {[%clk 0:01:04]} 37. Rxf7 {[%clk
0:18:22]} Kg6 {[%clk 0:00:37]} 38. Rf4 {[%clk 0:18:08]} Rd8 {[%clk 0:00:35]} 39.
Rg1+ {[%clk 0:17:54]} Kh7 {[%clk 0:01:01]} 40. Rf7 {[%clk 0:17:05]} Rg6 {[%clk
0:01:26]} 41. Rxg6 {[%clk 0:15:50]} Kxg6 {[%clk 0:01:53]} 42. Rb7 {[%clk
0:16:06]} Rd6 {[%clk 0:01:52]} 43. Nc1 {[%clk 0:16:04]} Rf6 {[%clk 0:02:00]} 44.
Nd3 {[%clk 0:16:10]} Kh6 {[%clk 0:00:51]} 45. Ne5 {[%clk 0:16:22]} Re6 {[%clk
0:00:37]} 46. Nc4 {[%clk 0:15:18]} 1-0

[Event "U12-U20 French Championships"]
[Site "chess24.com"]
[Date "2019.04.16"]
[Round "4"]
[White "Dalaud, Dorian"]
[Black "Boulos, Carlos"]
[Result "0-1"]
[Board "22"]
[WhiteElo "2167"]
[WhiteCountry "FRA"]
[WhiteFideId "36093270"]
[WhiteEloChange "-9"]
[BlackElo "2193"]
[BlackCountry "LBN"]
[BlackFideId "5302749"]
[BlackEloChange "9"]

1. e4 {[%clk 1:30:10]} e5 {[%clk 1:30:17]} 2. Nf3 {[%clk 1:29:39]} Nc6 {[%clk
1:30:28]} 3. d4 {[%clk 1:29:16]} exd4 {[%clk 1:30:15]} 4. Nxd4 {[%clk 1:29:17]}
Bc5 {[%clk 1:30:22]} 5. Nb3 {[%clk 1:29:12]} Bb6 {[%clk 1:30:12]} 6. Nc3 {[%clk
1:28:58]} d6 {[%clk 1:29:59]} 7. a4 {[%clk 1:29:22]} a6 {[%clk 1:30:08]} 8. Nd5
{[%clk 1:25:44]} Ba7 {[%clk 1:30:30]} 9. Be2 {[%clk 1:25:27]} Nge7 {[%clk
1:28:56]} 10. Bg5 {[%clk 1:10:28]} O-O {[%clk 1:21:39]} 11. O-O {[%clk 0:55:45]}
f6 {[%clk 1:18:25]} 12. Bh4 {[%clk 0:51:59]} Ng6 {[%clk 1:14:35]} 13. Bg3 {[%clk
0:52:10]} Kh8 {[%clk 1:10:26]} 14. Kh1 {[%clk 0:41:54]} Be6 {[%clk 0:59:28]} 15.
Qd2 {[%clk 0:38:25]} Qd7 {[%clk 0:55:23]} 16. f4 {[%clk 0:33:01]} f5 {[%clk
0:52:24]} 17. exf5 {[%clk 0:31:28]} Bxf5 {[%clk 0:50:58]} 18. Bd3 {[%clk
0:31:01]} Nge7 {[%clk 0:43:25]} 19. Nxe7 {[%clk 0:26:10]} Qxe7 {[%clk 0:40:36]}
20. Rae1 {[%clk 0:23:26]} Qf6 {[%clk 0:39:52]} 21. Bxf5 {[%clk 0:19:21]} Qxf5
{[%clk 0:40:10]} 22. Bf2 {[%clk 0:19:47]} Qxf4 {[%clk 0:27:09]} 23. Bxa7 {[%clk
0:16:24]} Qxd2 {[%clk 0:26:07]} 24. Rxf8+ {[%clk 0:12:16]} Rxf8 {[%clk 0:26:30]}
25. Nxd2 {[%clk 0:12:43]} Nxa7 {[%clk 0:26:10]} 26. Re7 {[%clk 0:13:10]} Rc8
{[%clk 0:23:41]} 27. Nf3 {[%clk 0:07:24]} Nc6 {[%clk 0:20:56]} 28. Rd7 {[%clk
0:07:53]} Kg8 {[%clk 0:20:20]} 29. h4 {[%clk 0:07:58]} Nb8 {[%clk 0:15:23]} 30.
Re7 {[%clk 0:07:56]} Kf8 {[%clk 0:14:36]} 31. Re3 {[%clk 0:08:10]} Re8 {[%clk
0:12:32]} 32. Rxe8+ {[%clk 0:08:17]} Kxe8 {[%clk 0:13:01]} 33. Ng5 {[%clk
0:08:39]} Ke7 {[%clk 0:12:20]} 34. Nxh7 {[%clk 0:08:20]} Nc6 {[%clk 0:11:52]} 35.
Kg1 {[%clk 0:05:33]} Nd4 {[%clk 0:10:43]} 36. c3 {[%clk 0:04:03]} Ne6 {[%clk
0:11:07]} 37. Kf2 {[%clk 0:02:09]} Kf7 {[%clk 0:11:06]} 38. Ke3 {[%clk 0:01:41]}
Kg6 {[%clk 0:10:45]} 39. Ng5 {[%clk 0:02:06]} Nxg5 {[%clk 0:11:06]} 40. hxg5
{[%clk 0:02:31]} Kxg5 {[%clk 0:11:32]} 41. a5 {[%clk 0:02:22]} Kg4 {[%clk
0:07:21]} 42. Ke4 {[%clk 0:02:18]} Kg3 {[%clk 0:07:14]} 43. Kf5 {[%clk 0:02:47]}
Kxg2 {[%clk 0:07:36]} 44. Kg6 {[%clk 0:03:13]} Kf3 {[%clk 0:08:00]} 45. Kxg7
{[%clk 0:03:27]} Ke4 {[%clk 0:08:13]} 46. Kf6 {[%clk 0:03:52]} Kd3 {[%clk
0:06:48]} 47. Ke6 {[%clk 0:03:47]} Kc2 {[%clk 0:06:59]} 48. Kd7 {[%clk 0:03:39]}
b5 {[%clk 0:05:57]} 49. b4 {[%clk 0:00:33]} Kxc3 {[%clk 0:05:18]} 50. Kxc7 {[%clk
0:00:55]} Kxb4 {[%clk 0:05:13]} 51. Kb6 {[%clk 0:01:06]} d5 {[%clk 0:04:14]} 52.
Kxa6 {[%clk 0:01:21]} d4 {[%clk 0:04:35]} 53. Kb6 {[%clk 0:01:48]} d3 {[%clk
0:04:56]} 54. a6 {[%clk 0:02:14]} d2 {[%clk 0:05:16]} 55. a7 {[%clk 0:02:32]} d1Q
{[%clk 0:05:36]} 56. a8Q {[%clk 0:02:42]} Qd6+ {[%clk 0:05:44]} 57. Ka7 {[%clk
0:02:58]} Qc7+ {[%clk 0:06:01]} 58. Ka6 {[%clk 0:03:20]} Qa5+ {[%clk 0:01:10]}
0-1